Teoría de redes, análisis de trama /

El autor realiza un análisis de las tramas literarias de las obras de Shakespeare, Dickens y Cao Xuequin, a partir de la teoría de redes (métodos cuantitativos), evidenciando las redes de los personajes y cuestiones como la soberanía, la legitimidad y la reciprocidad en las redes sociales.

Enregistré dans:
Détails bibliographiques
Auteur principal: Moretti, Franco
Format: Texte
Sujets:
Tags: Ajouter un tag
Pas de tags, Soyez le premier à ajouter un tag!

MARC

LEADER 00000 a a2200000 04500
001 43152
003
040
100 |a Moretti, Franco  
245 |a Teoría de redes, análisis de trama /  |c Franco Moretti  
520 |a El autor realiza un análisis de las tramas literarias de las obras de Shakespeare, Dickens y Cao Xuequin, a partir de la teoría de redes (métodos cuantitativos), evidenciando las redes de los personajes y cuestiones como la soberanía, la legitimidad y la reciprocidad en las redes sociales.  
590 |a SJB/NOVIEMBRE2012  
650 |a 1.NOVELAS  
650 |a 2.LITERATURA  
650 |a 3.INTERACCION SOCIAL  
650 |a 4.METODOS CUANTITATIVOS  
773 |g número68 (mayo-junio, 2011), páginas 71-92  
999 |c 35483  |d 35483